000 00534cam a2200145 4500500
005 20251012032643.0
041 _afre
042 _adc
100 1 0 _aBouit, Delphine
_eauthor
245 0 0 _aAndré Hardellet, Le Seuil du jardin, Société Nouvelle des Éditions Pauvert, 1979, 183 pages (1966, Jean-Jacques Pauvert éditeur).
260 _c2025.
500 _a90
786 0 _nSigila | 55 | 1 | 2025-05-06 | p. 212-213 | 1286-1715
856 4 1 _uhttps://shs.cairn.info/revue-sigila-2025-1-page-212?lang=fr&redirect-ssocas=7080
999 _c1548007
_d1548007